Les Competències locals en matèria d'ensenyament a Catalunya / Gemma Segura López, Ramon Plandiura Vilacís, Francisco J. González-Ruiz
Descripción Física:
69 p. ; 30 cm
Colección:
Estudis ; 3
MARC
| LEADER | 00000nam a2200000Ia 4500 | ||
|---|---|---|---|
| 001 | 12663 | ||
| 008 | 160829s2000 xx 000 0 cat d | ||
| 080 | |a E-1-36 | ||
| 100 | |a Segura López, Gemma |9 123 | ||
| 245 | |a Les Competències locals en matèria d'ensenyament a Catalunya / Gemma Segura López, Ramon Plandiura Vilacís, Francisco J. González-Ruiz | ||
| 250 | |a 1a reimp. | ||
| 260 | |a Barcelona : |b Diputació de Barcelona, Àrea d'Educació, |c 2000 | ||
| 300 | |a 69 p. ; |c 30 cm | ||
| 490 | |a Estudis ; 3 | ||
| 650 | |a Ensenyament i competència econòmica |x Catalunya |9 30981 | ||
| 650 | |a Ensenyament |x Dret i legislació |x Catalunya |9 45396 | ||
| 650 | 0 | |a Administració local |x Dret i legislació |z Catalunya |9 37894 | |
| 700 | |a Plandiura Vilacís, Ramon |9 45005 | ||
| 700 | |a González Ruiz, Francisco |9 30983 | ||
| 710 | |a Barcelona (Catalunya : Província). |b Àrea d'Educació |9 8009 | ||
| 901 | |a Arxiu | ||
| 942 | |n 1 | ||
| 952 | |0 0 |1 0 |4 0 |6 E136 |7 1 |9 47962 |a Arxiu |b Arxiu |d 2016-12-01 |l 0 |o E-1-36 |p 12663 |r 2016-12-01 00:00:00 |w 2016-12-01 |y ARXIU | ||
| 999 | |c 51763 |d 51763 | ||